[Event "Midland Ch Forrest Cup"]
[Site "Derby"]
[Date "1985.02.17"]
[Round "6"]
[White "Eames, Robert S"]
[Black "Lazonby, Norman A"]
[Result "0-1"]
[WhiteElo "1938"]
[BlackElo "2110"]
[PlyCount "124"]
[EventDate "1985.02.15"]
[EventType "swiss"]
[EventRounds "6"]
[EventCountry "ENG"]
[SourceTitle "BritBase"]
[Source "John Saunders"]
[SourceDate "2022.08.21"]
[SourceVersion "1"]
[SourceVersionDate "2022.08.21"]
[SourceQuality "1"]

1. e4 d6 2. d4 g6 3. Nf3 Bg7 4. Be2 Nc6 5. d5 Nb8 6. O-O Nf6 7. Nc3 O-O 8. Bg5
h6 9. Be3 c5 10. Qd2 Kh7 11. Rad1 a6 12. a4 Bd7 13. h3 b5 14. axb5 axb5 15. e5
b4 16. exf6 bxc3 17. bxc3 exf6 18. Bf4 Qc7 19. Bg3 Rd8 20. Qf4 Bf5 21. Nd2 Bxc2
22. Rc1 Bf5 23. Nc4 Bf8 24. Ne3 Bc8 25. Qxf6 Bg7 26. Qh4 Ba6 27. Bxa6 Rxa6 28.
Bf4 Rh8 29. Ng4 Qd8 30. Qg3 Rf8 31. h4 Ra4 32. Ne3 f5 33. Ra1 Rxa1 34. Rxa1 Qb6
35. Bxd6 f4 36. Bxf4 Nd7 37. Bc7 Qb2 38. Ra7 Qxc3 39. Bd6 Rf7 40. Qh3 Qe1+ 41.
Kh2 Qxf2 42. Rxd7 Rxd7 43. Qxd7 Qxe3 44. Qc7 Qd4 45. Bf8 Qxh4+ 46. Kg1 Qd4+ 47.
Kh2 Qe5+ 48. Qxe5 Bxe5+ 49. Kh3 $11 c4 50. d6 Kg8 51. d7 Bf6 52. Bxh6 Kf7 53.
Kg4 Ke6 $2 (53... Ke7 $1 $19) 54. Kf3 $2 (54. Bg7 $1 Be7 55. Kf4 Kxd7 56. Bb2
$11) 54... Kxd7 $19 55. Ke4 Kc6 56. Be3 Bg7 $2 (56... Kb5 $19) 57. Bg5 $2 (57.
g4 $1 $11) 57... Bc3 $2 58. Be3 $2 (58. g4 $11) (58. Be7 $11) 58... Kb5 59. Kd5
Be1 60. Ke6 c3 61. Kf7 Kc4 62. Kxg6 Bd2 0-1

[Event "Midland Ch Forrest Cup"]
[Site "Derby"]
[Date "1985.02.17"]
[Round "6"]
[White "Kemp, Peter D"]
[Black "Toothill, Andrew"]
[Result "1-0"]
[WhiteElo "2118"]
[BlackElo "2192"]
[PlyCount "111"]
[EventDate "1985.02.15"]
[EventType "swiss"]
[EventRounds "6"]
[EventCountry "ENG"]
[SourceTitle "BritBase"]
[Source "John Saunders"]
[SourceDate "2022.08.21"]
[SourceVersion "1"]
[SourceVersionDate "2022.08.21"]
[SourceQuality "1"]

1. e4 d6 2. d4 Nf6 3. Nc3 g6 4. Nf3 Bg7 5. Be2 Bg4 6. O-O O-O 7. Be3 Nbd7 8. h3
Bxf3 9. Bxf3 e5 10. dxe5 Nxe5 11. Be2 Re8 12. Qd2 Nc6 13. Bg5 Qd7 14. f3 a6 15.
a4 Nh5 16. Bc4 Ne5 17. Bb3 b5 18. Nd5 Nc4 19. Bxc4 bxc4 20. g4 Ng3 21. Rf2 Re6
22. Rg2 Be5 23. Bf4 c6 24. Bxe5 Nxe4 25. fxe4 cxd5 26. Qxd5 Rae8 27. Bc3 Rxe4
28. Rf1 Qa7+ 29. Kh1 R8e6 30. Rgf2 Qe3 31. Rf3 Qa7 32. Qd2 Qb7 33. Qh6 f6 34.
Kh2 Re2+ 35. R3f2 Qe4 36. Qh4 g5 37. Rxe2 Qxe2+ 38. Qf2 Qxf2+ 39. Rxf2 Kf7 40.
Kg2 d5 41. Rf5 Rd6 42. Bd4 Kg6 43. Kf3 h5 44. Ke3 Re6+ 45. Kd2 hxg4 46. hxg4
Re4 47. c3 Rxg4 48. Rxf6+ Kh5 49. Rxa6 Rg2+ 50. Kc1 g4 51. Rd6 g3 52. a5 Re2
53. a6 Re4 54. a7 g2 55. a8=Q Re1+ 56. Kd2 1-0